000 00321nam a2200145Ia 4500
008 230718s9999 xx 000 0 und d
041 _aEng.
082 _a341.48
_bANA-H
100 _aAnand ,V.R. Dr.
245 0 _aHuman Rights
260 _aPakistan
_bNew Dehli
_c2015
300 _a284
650 _aLaw
999 _c31370
_d31370